[Event "XtraCon-Skakligaen"]
[Site "Denmark"]
[Date "2010.12.05"]
[Round "3.4"]
[White "Christensen, Stefan"]
[Black "Bromann, Thorbjorn"]
[Result "0-1"]
[WhiteElo "2262"]
[BlackElo "2433"]
[PlyCount "202"]
[EventDate "2010.11.06"]
[EventType "team-tourn"]
[EventRounds "9"]
[WhiteTeam "Jetsmark"]
[BlackTeam "Bronshoj"]
[WhiteTeamCountry "DEN"]
[BlackTeamCountry "DEN"]

1. e4 e6 2. d4 d5 3. Nc3 dxe4 4. Nxe4 Nd7 5. Nf3 Ngf6 6. Nxf6+ Nxf6 7. Bd3 c5
8. dxc5 Bxc5 9. O-O O-O 10. Bg5 b6 11. Qe2 Bb7 12. Rad1 Qc7 13. Bxf6 gxf6 14.
Be4 Rfd8 15. c3 Rxd1 16. Rxd1 Bxe4 17. Qxe4 Rd8 18. Qe2 Rxd1+ 19. Qxd1 Qf4 20.
g3 Qc4 21. a3 a5 22. Ne5 Bxf2+ 23. Kxf2 Qc5+ 24. Kg2 Qxe5 25. Qd8+ Kg7 26. Qxb6
Qe4+ 27. Kg1 e5 28. Qxa5 Qb1+ 29. Kg2 Qxb2+ 30. Kh3 Qe2 31. Qd5 Qf1+ 32. Kh4
Qc1 33. Kh3 Qxc3 34. a4 Qc8+ 35. Kh4 Qc2 36. Qd7 Qxh2+ 37. Qh3 Qd2 38. Qg4+ Kf8
39. Qc8+ Ke7 40. Qc7+ Qd7 41. Qc5+ Kd8 42. Qb6+ Kc8 43. Qa6+ Kc7 44. Qa7+ Kc6
45. Qa6+ Kc5 46. g4 Qc6 47. Qa7+ Kb4 48. Kg3 Qxa4 49. Qe7+ Kc3 50. Qxf6 Qe8 51.
Qf3+ Kd4 52. Qd1+ Kc5 53. Qc2+ Kd6 54. Qd3+ Ke6 55. Qf5+ Kd6 56. Qd3+ Ke7 57.
Qxh7 Qa4 58. Qf5 Qb3+ 59. Kg2 Qb2+ 60. Kg3 Qc3+ 61. Kg2 Qd2+ 62. Kg3 Qe3+ 63.
Kg2 f6 64. Qh7+ Kd6 65. Qg6 Qd2+ 66. Kh3 Qf4 67. Qd3+ Ke6 68. Qb3+ Ke7 69. Qb7+
Kf8 70. Qc8+ Kg7 71. Qd7+ Kh6 72. Qf7 Qe3+ 73. Kh4 Qg5+ 74. Kg3 Qg6 75. Qf8+
Qg7 76. Qd6 Qf7 77. Qd2+ Kg7 78. Qd6 Qb3+ 79. Kh4 Qb7 80. Kg3 Kg6 81. Qe6 Qf7
82. Qf5+ Kg7 83. Qe4 Qb3+ 84. Kh4 Qb2 85. Kg3 Qc3+ 86. Kg2 Qd2+ 87. Kg3 Qc3+
88. Kg2 Qd4 89. Qf5 e4 90. Qf4 Qb2+ 91. Kh3 Qc3+ 92. Kg2 Qc2+ 93. Kg3 Qd3+ 94.
Kf2 Qd4+ 95. Qe3 Qe5 96. Kg2 Kg6 97. Kg1 Qe6 98. Qf4 e3 99. Kf1 Qa6+ 100. Ke1
Qd3 101. Qf3 Kg5 0-1

[Event "XtraCon-Skakligaen"]
[Site "Denmark"]
[Date "2010.12.05"]
[Round "3.5"]
[White "Bekker Jensen, David"]
[Black "Wiwe, Andreas"]
[Result "0-1"]
[WhiteElo "2335"]
[BlackElo "2255"]
[PlyCount "72"]
[EventDate "2010.11.06"]
[EventType "team-tourn"]
[EventRounds "9"]
[WhiteTeam "Bronshoj"]
[BlackTeam "Jetsmark"]
[WhiteTeamCountry "DEN"]
[BlackTeamCountry "DEN"]

1. d4 Nf6 2. c4 e6 3. Nc3 Bb4 4. e3 b6 5. Nge2 c5 6. a3 Ba5 7. Rb1 Na6 8. d5
Bb7 9. g3 b5 10. b4 cxb4 11. Nxb5 bxa3+ 12. Bd2 O-O 13. Nd6 Nc5 14. Nc3 Ba6 15.
Ncb5 a2 16. Rb2 Bxd2+ 17. Rxd2 Bxb5 18. Nxb5 a1=Q 19. Qxa1 Nb3 20. Qa2 Nxd2 21.
Qxd2 a6 22. Nc3 Qa5 23. d6 Qa1+ 24. Ke2 Rab8 25. Bg2 Qa3 26. Nb1 Qc5 27. Qd4
Rfc8 28. Nd2 Rb6 29. Qxc5 Rxc5 30. e4 e5 31. f4 Ne8 32. fxe5 Rxe5 33. Nf3 Rxe4+
34. Kd3 Nxd6 35. Nd2 Re5 36. Kd4 Re2 0-1

[Event "XtraCon-Skakligaen"]
[Site "Denmark"]
[Date "2010.12.05"]
[Round "3.6"]
[White "Baekgaard, Martin"]
[Black "Aabling Thomsen, Jakob"]
[Result "1/2-1/2"]
[WhiteElo "2263"]
[BlackElo "2330"]
[PlyCount "72"]
[EventDate "2010.11.06"]
[EventType "team-tourn"]
[EventRounds "9"]
[WhiteTeam "Jetsmark"]
[BlackTeam "Bronshoj"]
[WhiteTeamCountry "DEN"]
[BlackTeamCountry "DEN"]

1. d4 Nf6 2. c4 g6 3. Nc3 d5 4. cxd5 Nxd5 5. Bd2 Nb6 6. Rc1 Bg7 7. e3 O-O 8.
Nf3 Nc6 9. Bb5 Bd7 10. O-O a6 11. Be2 e5 12. d5 Ne7 13. Qb3 Nexd5 14. Nxd5 Ba4
15. Nxb6 Bxb3 16. Nxa8 Bd5 17. Bb4 c6 18. Bxf8 Kxf8 19. Rfd1 Qxa8 20. Bc4 Bxc4
21. Rxc4 Qe8 22. e4 Bf6 23. b3 Qe6 24. Rc3 Be7 25. Rcd3 Ke8 26. h3 h5 27. h4 a5
28. g3 f6 29. Kg2 Qg4 30. Re1 Bb4 31. Nh2 Qe6 32. Red1 Be7 33. Nf3 Qg4 34. Re1
Qc8 35. Rc1 Qe6 36. Rcd1 Qg4 1/2-1/2

[Event "XtraCon-Skakligaen"]
[Site "Denmark"]
[Date "2010.12.05"]
[Round "3.7"]
[White "Palm, Nikolaj"]
[Black "Jensen, Bjarke"]
[Result "0-1"]
[WhiteElo "2275"]
[BlackElo "2258"]
[PlyCount "98"]
[EventDate "2010.11.06"]
[EventType "team-tourn"]
[EventRounds "9"]
[WhiteTeam "Bronshoj"]
[BlackTeam "Jetsmark"]
[WhiteTeamCountry "DEN"]
[BlackTeamCountry "DEN"]

1. d4 d5 2. Nf3 Nf6 3. Bf4 c5 4. c3 Nc6 5. e3 Qb6 6. Qc1 Bf5 7. Be2 Rc8 8. O-O
h6 9. h3 e6 10. Nbd2 cxd4 11. exd4 Be7 12. Nb3 O-O 13. g4 Bh7 14. Ne5 a5 15.
Be3 Bd6 16. Nd3 Ne4 17. Bf4 Be7 18. Qe3 g5 19. Bh2 f5 20. f4 e5 21. fxe5 f4 22.
Nxf4 gxf4 23. Bxf4 a4 24. Nd2 Qxb2 25. Nxe4 Bxe4 26. Bxh6 Rxf1+ 27. Rxf1 Nxe5
28. Qf2 Rxc3 29. Be3 Qb6 30. Qf4 Rxe3 31. Qxe3 Nc6 32. Qf4 Qxd4+ 33. Kh2 Qg7
34. Qc7 Nd4 35. Bd1 b5 36. Qb8+ Kh7 37. Qf4 Ne6 38. Qf7 Bd6+ 39. Kg1 Bc5+ 40.
Kh2 Bd6+ 41. Kg1 Qxf7 42. Rxf7+ Kg6 43. Rb7 Kg5 44. Kf1 Nf4 45. Ke1 Bb4+ 46.
Kf1 Kh4 47. Be2 Kg3 48. Bxb5 Bg2+ 49. Kg1 Nxh3# 0-1

[Event "XtraCon-Skakligaen"]
[Site "Denmark"]
[Date "2010.12.05"]
[Round "3.8"]
[White "Rathlev, Jakob"]
[Black "Pedersen, Peter Brondt"]
[Result "1-0"]
[WhiteElo "2258"]
[BlackElo "2147"]
[PlyCount "101"]
[EventDate "2010.11.06"]
[EventType "team-tourn"]
[EventRounds "9"]
[WhiteTeam "Jetsmark"]
[BlackTeam "Bronshoj"]
[WhiteTeamCountry "DEN"]
[BlackTeamCountry "DEN"]

1. c4 g6 2. g3 Bg7 3. Bg2 c5 4. Nc3 Nc6 5. a3 d6 6. Rb1 a5 7. Nf3 e5 8. O-O
Nge7 9. Ne1 O-O 10. Nc2 Be6 11. Ne3 Rb8 12. Ned5 f5 13. d3 h6 14. b4 axb4 15.
axb4 b6 16. Bd2 Bf7 17. bxc5 dxc5 18. Qa4 Nxd5 19. Nxd5 Ne7 20. Nxe7+ Qxe7 21.
Qa6 Qd6 22. Rb3 Bf6 23. Rfb1 Bd8 24. Bxh6 Re8 25. Bd2 Bc7 26. Qb5 Red8 27. Ra3
Be8 28. Qb2 Bc6 29. Bxc6 Qxc6 30. Bg5 Re8 31. Ra7 Ra8 32. Rba1 Rxa7 33. Rxa7
Bb8 34. Ra6 Bc7 35. Qa1 Qe6 36. Ra8 Rxa8 37. Qxa8+ Kg7 38. Bh6+ Kf6 39. Qf8+
Qf7 40. Bg5+ Ke6 41. Qxf7+ Kxf7 42. e4 Ke6 43. f3 Kf7 44. g4 Ke6 45. h4 fxg4
46. fxg4 Kd7 47. Kf2 Bd6 48. Ke2 Kc6 49. Bf6 b5 50. cxb5+ Kxb5 51. Bg7 1-0

[Event "XtraCon-Skakligaen"]
[Site "Denmark"]
[Date "2010.12.05"]
[Round "3.1"]
[White "Nilsson, Sebastian"]
[Black "Andreasen, Per Naesby"]
[Result "1-0"]
[WhiteElo "2344"]
[BlackElo "2239"]
[PlyCount "61"]
[EventDate "2010.11.06"]
[EventType "team-tourn"]
[EventRounds "9"]
[WhiteTeam "K41"]
[BlackTeam "Norresundby"]
[WhiteTeamCountry "DEN"]
[BlackTeamCountry "DEN"]

1. e4 g6 2. d4 Bg7 3. Nc3 c6 4. h3 d6 5. Be3 Nd7 6. Qd2 e5 7. O-O-O Ngf6 8.
dxe5 dxe5 9. Bc5 Qa5 10. Bd6 b5 11. a3 Bb7 12. Qe1 Qb6 13. Nf3 O-O-O 14. Ng5
Bh6 15. f4 Bxg5 16. fxg5 Nh5 17. Be2 Nf4 18. Bg4 Rhe8 19. Rf1 Nxg2 20. Qd2 Ne3
21. Rxf7 Nxg4 22. hxg4 Nf8 23. Nd5 cxd5 24. Qc3+ Bc6 25. Rc7+ Qxc7 26. Bxc7
Kxc7 27. exd5 Rd6 28. Qa5+ Kb7 29. dxc6+ Rxc6 30. Qxb5+ Kc7 31. Qa5+ 1-0

[Event "XtraCon-Skakligaen"]
[Site "Denmark"]
[Date "2010.12.05"]
[Round "3.2"]
[White "Sorensen, Bent"]
[Black "Bejtovic, Jasmin"]
[Result "1/2-1/2"]
[WhiteElo "2282"]
[BlackElo "2405"]
[PlyCount "105"]
[EventDate "2010.11.06"]
[EventType "team-tourn"]
[EventRounds "9"]
[WhiteTeam "Norresundby"]
[BlackTeam "K41"]
[WhiteTeamCountry "DEN"]
[BlackTeamCountry "DEN"]

1. Nf3 g6 2. c4 Bg7 3. Nc3 d6 4. g3 e5 5. d4 Nd7 6. e4 Ngf6 7. Bg2 O-O 8. O-O
a6 9. Re1 exd4 10. Nxd4 Ng4 11. Qxg4 Bxd4 12. Be3 Ne5 13. Qe2 Bxe3 14. Qxe3
Nxc4 15. Qd4 Be6 16. f4 b5 17. b3 c5 18. Qd3 Nb6 19. f5 b4 20. fxe6 bxc3 21.
exf7+ Rxf7 22. Qxc3 Qe7 23. Rad1 Rd8 24. Qa5 Qc7 25. Qxa6 Rf6 26. Qd3 Rdf8 27.
e5 dxe5 28. Qe3 Re8 29. Rc1 Nd7 30. b4 Rb6 31. bxc5 Rb2 32. Qc3 Rbb8 33. Bh3
Nf6 34. Rcd1 Kg7 35. Rd6 Rb5 36. Rxe5 Rxe5 37. Qxe5 Qxc5+ 38. Qxc5 Rxc5 39. Bf1
Rc2 40. a4 Ra2 41. Rd4 g5 42. Bb5 h5 43. h3 Kf8 44. Kf1 Ke7 45. Be2 Ra3 46. Kf2
Ke6 47. Rb4 Ke5 48. Bf3 Ra2+ 49. Ke1 g4 50. hxg4 hxg4 51. Bxg4 Ne4 52. Bd1 Nxg3
53. Bb3 1/2-1/2

[Event "XtraCon-Skakligaen"]
[Site "Denmark"]
[Date "2010.12.05"]
[Round "3.3"]
[White "Greger, Roland Reinhard"]
[Black "Kolbak, Jens"]
[Result "1-0"]
[WhiteElo "2389"]
[BlackElo "2295"]
[PlyCount "85"]
[EventDate "2010.11.06"]
[EventType "team-tourn"]
[EventRounds "9"]
[WhiteTeam "K41"]
[BlackTeam "Norresundby"]
[WhiteTeamCountry "DEN"]
[BlackTeamCountry "DEN"]

1. e4 c6 2. d4 d5 3. e5 Bf5 4. Nc3 e6 5. g4 Bg6 6. Nge2 c5 7. h4 h6 8. Be3 Nc6
9. dxc5 Nxe5 10. Nd4 a6 11. Qe2 Nf6 12. h5 Bh7 13. g5 Ne4 14. Nxe4 dxe4 15.
O-O-O hxg5 16. Nxe6 Qa5 17. Bd4 fxe6 18. Bxe5 Qxc5 19. Bd4 Qc7 20. Rh3 Bd6 21.
h6 Bf4+ 22. Kb1 e5 23. Rc3 Qf7 24. hxg7 Qxg7 25. Bc5 Bf5 26. Bg2 Qh7 27. Qc4
Qf7 28. Qb4 Qh5 29. f3 Rd8 30. Rxd8+ Kxd8 31. Bb6+ Ke8 32. Qa4+ Kf7 33. a3 Be6
34. b3 e3 35. Bxe3 Qh2 36. Bxf4 gxf4 37. Qe4 Qxg2 38. Qxe5 Rc8 39. Qxf4+ Ke7
40. Qb4+ Ke8 41. Qe4 Kf7 42. Qxb7+ Kf6 43. Rxc8 1-0

[Event "XtraCon-Skakligaen"]
[Site "Denmark"]
[Date "2010.12.05"]
[Round "3.4"]
[White "Jorgensen, Jorgen"]
[Black "Rasmussen, Casper Dahl"]
[Result "1-0"]
[WhiteElo "2276"]
[BlackElo "2357"]
[PlyCount "107"]
[EventDate "2010.11.06"]
[EventType "team-tourn"]
[EventRounds "9"]
[WhiteTeam "Norresundby"]
[BlackTeam "K41"]
[WhiteTeamCountry "DEN"]
[BlackTeamCountry "DEN"]

1. c4 e5 2. Nc3 Nc6 3. g3 g6 4. Bg2 Bg7 5. Rb1 d6 6. b4 f5 7. b5 Nce7 8. d3 Nf6
9. Bg5 h6 10. Bxf6 Bxf6 11. e3 O-O 12. Nge2 f4 13. Ne4 fxe3 14. Nxf6+ Rxf6 15.
fxe3 Qf8 16. Nc3 Rf2 17. Rf1 Rxf1+ 18. Bxf1 h5 19. Qd2 Bg4 20. Bg2 Qh6 21. Kf2
h4 22. gxh4 Kg7 23. Kg1 Nf5 24. Bxb7 Rh8 25. Rf1 Qxe3+ 26. Qxe3 Nxe3 27. Rf2
Rxh4 28. Be4 Bh3 29. Rf3 Nf5 30. Bxf5 gxf5 31. Rg3+ Kf7 32. Nd5 f4 33. Rg5 Rh7
34. a4 Ke6 35. Rg8 Bf5 36. Re8+ Kf7 37. Re7+ Kf8 38. Rxh7 Bxh7 39. Nb4 Ke8 40.
Kf2 e4 41. dxe4 Bxe4 42. Ke2 Kd7 43. Nd3 c6 44. h4 Kc7 45. Nxf4 Kb6 46. Ke3 Bh7
47. Kd4 Bg8 48. h5 c5+ 49. Kc3 Ka5 50. Kb3 Bh7 51. Nd5 Be4 52. h6 a6 53. bxa6
Kxa6 54. Nf6 1-0

[Event "XtraCon-Skakligaen"]
[Site "Denmark"]
[Date "2010.12.05"]
[Round "3.5"]
[White "Hagen, Andreas Skytte"]
[Black "Willumsen, Henrik"]
[Result "0-1"]
[WhiteElo "2290"]
[BlackElo "2173"]
[PlyCount "56"]
[EventDate "2010.11.06"]
[EventType "team-tourn"]
[EventRounds "9"]
[WhiteTeam "K41"]
[BlackTeam "Norresundby"]
[WhiteTeamCountry "DEN"]
[BlackTeamCountry "DEN"]

1. d4 d5 2. c4 c6 3. Nf3 Nf6 4. e3 e6 5. b3 Ne4 6. Bb2 Bb4+ 7. Nbd2 Qf6 8. Qe2
dxc4 9. bxc4 Qf5 10. a3 Ba5 11. Rc1 Nd7 12. g3 Ndf6 13. Bg2 Qh5 14. h3 O-O 15.
g4 Qg6 16. O-O Nxd2 17. Nxd2 h5 18. gxh5 Nxh5 19. Kh1 e5 20. Nb3 Bc7 21. dxe5
Qh6 22. Qf3 f6 23. e6 Bxe6 24. Nd4 Bd7 25. Rg1 Ng3+ 26. fxg3 Bxh3 27. Qf2 Bf5+
28. Bh3 Qxh3+ 0-1

[Event "XtraCon-Skakligaen"]
[Site "Denmark"]
[Date "2010.12.05"]
[Round "3.6"]
[White "Nielsen, John Bauneborg"]
[Black "Schmidt, Kristen"]
[Result "0-1"]
[WhiteElo "2148"]
[BlackElo "2280"]
[PlyCount "62"]
[EventDate "2010.11.06"]
[EventType "team-tourn"]
[EventRounds "9"]
[WhiteTeam "Norresundby"]
[BlackTeam "K41"]
[WhiteTeamCountry "DEN"]
[BlackTeamCountry "DEN"]

1. d4 Nf6 2. c4 g6 3. Nc3 Bg7 4. g3 O-O 5. Bg2 d6 6. e3 c5 7. Nge2 Nc6 8. O-O
Rb8 9. b3 Bd7 10. Bb2 a6 11. Qd2 cxd4 12. Nxd4 Nxd4 13. Qxd4 b5 14. cxb5 axb5
15. b4 Ng4 16. Qd1 Ne5 17. Rc1 Bg4 18. f3 Be6 19. Re1 Nc4 20. Ba1 Qb6 21. Kf2
Rfc8 22. f4 Rc7 23. Ne4 Bxa1 24. Rxa1 Rbc8 25. Qe2 Na3 26. Rad1 Rc2 27. Rd2 f5
28. Rxc2 Rxc2 29. Nd2 Nc4 30. Rd1 Nb2 31. Kg1 Nxd1 0-1

[Event "XtraCon-Skakligaen"]
[Site "Denmark"]
[Date "2010.12.05"]
[Round "3.7"]
[White "Christensen, Bo Garner"]
[Black "Olesen, Poul Erik Norgaard"]
[Result "1-0"]
[WhiteElo "2254"]
[BlackElo "2106"]
[PlyCount "59"]
[EventDate "2010.11.06"]
[EventType "team-tourn"]
[EventRounds "9"]
[WhiteTeam "K41"]
[BlackTeam "Norresundby"]
[WhiteTeamCountry "DEN"]
[BlackTeamCountry "DEN"]

1. e4 e5 2. Nf3 d6 3. d4 exd4 4. Bc4 Nc6 5. c3 Nf6 6. O-O Be7 7. Re1 dxc3 8.
Nxc3 Bg4 9. Qb3 Bxf3 10. gxf3 O-O 11. Qd1 Ne5 12. Be2 c6 13. f4 Ned7 14. Kh1 b5
15. Bf3 Qc7 16. Qc2 Rac8 17. Rg1 Rfd8 18. Be3 Nb6 19. Rad1 d5 20. e5 d4 21.
exf6 Bxf6 22. Ne4 dxe3 23. Nxf6+ Kf8 24. Qc5+ Qe7 25. Rxd8+ Rxd8 26. Nxh7+ Ke8
27. Bxc6+ Nd7 28. Nf6+ Kf8 29. Qxe7+ Kxe7 30. Nxd7 1-0

[Event "XtraCon-Skakligaen"]
[Site "Denmark"]
[Date "2010.12.05"]
[Round "3.8"]
[White "Christiansen, Jens Jorgen"]
[Black "Naes, Flovin Tor"]
[Result "0-1"]
[WhiteElo "2136"]
[BlackElo "2231"]
[PlyCount "51"]
[EventDate "2010.11.06"]
[EventType "team-tourn"]
[EventRounds "9"]
[WhiteTeam "Norresundby"]
[BlackTeam "K41"]
[WhiteTeamCountry "DEN"]
[BlackTeamCountry "DEN"]

1. d4 d5 2. c4 dxc4 3. e4 Nc6 4. Nf3 Bg4 5. Be3 Bxf3 6. gxf3 e6 7. Bxc4 Qf6 8.
Bb5 Bb4+ 9. Nc3 Nge7 10. Qe2 O-O-O 11. e5 Qh4 12. a3 Ba5 13. Bxc6 Nxc6 14.
O-O-O Nxd4 15. Qc4 Bxc3 16. bxc3 Nxf3 17. Rxd8+ Qxd8 18. Rd1 Qe7 19. Qe4 Qxa3+
20. Kc2 Qa2+ 21. Kc1 Qa1+ 22. Kc2 Qa2+ 23. Kc1 Qe2 24. Qa4 Rd8 25. Rxd8+ Kxd8
26. Bg5+ 0-1

[Event "XtraCon-Skakligaen"]
[Site "Denmark"]
[Date "2010.12.05"]
[Round "3.1"]
[White "Teplyi, Igor"]
[Black "Mikkelsen, Nikolaj"]
[Result "1-0"]
[WhiteElo "2394"]
[BlackElo "2416"]
[PlyCount "115"]
[EventDate "2010.11.06"]
[EventType "team-tourn"]
[EventRounds "9"]
[WhiteTeam "Nordre"]
[BlackTeam "BMS"]
[WhiteTeamCountry "DEN"]
[BlackTeamCountry "DEN"]

1. d4 Nf6 2. c4 g6 3. Nc3 d5 4. Bg5 Bg7 5. Bxf6 Bxf6 6. cxd5 c6 7. Rc1 O-O 8.
dxc6 Bxd4 9. c7 Bxc3+ 10. Rxc3 Qxd1+ 11. Kxd1 Nc6 12. Nf3 Bd7 13. e4 Rac8 14.
Bb5 Rxc7 15. Kd2 Rcc8 16. Rhc1 Rcd8 17. Ke3 f5 18. exf5 Rxf5 19. Bd3 Rf6 20.
Be4 Rd6 21. a3 Bf5 22. Bxc6 Re6+ 23. Kf4 bxc6 24. Re3 Rf8 25. Rxe6 Bxe6+ 26.
Ke3 Bd5 27. Ne1 Rb8 28. Rc2 Rb3+ 29. Kd4 g5 30. g3 Bf7 31. Rd2 Kg7 32. Nd3 Rb5
33. Kc3 Kf6 34. b4 Rf5 35. Nc5 g4 36. Rd4 Kg5 37. Nd3 e5 38. Re4 Kf6 39. Rxg4
Bg6 40. Re4 Rh5 41. Re2 Bxd3 42. Kxd3 Rxh2 43. Rc2 Kf5 44. Ke3 Rh6 45. f3 Rd6
46. Rc5 Ke6 47. g4 h6 48. Ke2 Kf6 49. Ra5 Ke6 50. Rxa7 Kd5 51. Ra5+ Kd4 52. Rc5
Rg6 53. a4 e4 54. a5 h5 55. gxh5 Rg2+ 56. Kf1 exf3 57. a6 Ra2 58. Ra5 1-0

[Event "XtraCon-Skakligaen"]
[Site "Denmark"]
[Date "2010.12.05"]
[Round "3.2"]
[White "Kristiansen, Jens"]
[Black "Veng, Johny"]
[Result "1/2-1/2"]
[WhiteElo "2421"]
[BlackElo "2297"]
[PlyCount "83"]
[EventDate "2010.11.06"]
[EventType "team-tourn"]
[EventRounds "9"]
[WhiteTeam "BMS"]
[BlackTeam "Nordre"]
[WhiteTeamCountry "DEN"]
[BlackTeamCountry "DEN"]

1. e4 c5 2. d3 Nc6 3. g3 g6 4. Bg2 Bg7 5. f4 e6 6. Nf3 Nge7 7. O-O O-O 8. c3 b5
9. Be3 d6 10. d4 cxd4 11. cxd4 b4 12. Nbd2 a5 13. Bf2 Bd7 14. Rc1 Qb8 15. e5
Nd5 16. Ne4 dxe5 17. dxe5 Rd8 18. Qe2 Na7 19. Rfd1 Bb5 20. Qe1 Be8 21. Bc5 Nb5
22. Nd4 Ra6 23. Qf2 Nxd4 24. Bxd4 Rc6 25. Nd6 Rxc1 26. Rxc1 Bf8 27. Bxd5 exd5
28. Ba7 Qa8 29. Bb6 Bxd6 30. Bxd8 Qxd8 31. exd6 Qxd6 32. Qd4 Bd7 33. Kf2 Bg4
34. Re1 Qc6 35. Kg1 Bf5 36. b3 Be4 37. Qb2 Qc5+ 38. Qf2 Qc3 39. Qe3 Qc2 40. Qf2
Qd3 41. Qe3 Qc2 42. Qf2 1/2-1/2

[Event "XtraCon-Skakligaen"]
[Site "Denmark"]
[Date "2010.12.05"]
[Round "3.3"]
[White "Petersen, Tom Petri"]
[Black "Brinck Claussen, Bjorn"]
[Result "1/2-1/2"]
[WhiteElo "2301"]
[BlackElo "2262"]
[PlyCount "33"]
[EventDate "2010.11.06"]
[EventType "team-tourn"]
[EventRounds "9"]
[WhiteTeam "Nordre"]
[BlackTeam "BMS"]
[WhiteTeamCountry "DEN"]
[BlackTeamCountry "DEN"]

1. Nf3 Nf6 2. g3 g6 3. Bg2 Bg7 4. O-O O-O 5. d4 d5 6. Nbd2 c6 7. Re1 Bf5 8. c3
Qc8 9. Nh4 Bg4 10. Qc2 Bh3 11. Bh1 Nbd7 12. e4 e5 13. dxe5 Nxe4 14. Nxe4 dxe4
15. Rxe4 Bxe5 16. Bh6 Bg7 17. Bxg7 1/2-1/2

[Event "XtraCon-Skakligaen"]
[Site "Denmark"]
[Date "2010.12.05"]
[Round "3.4"]
[White "Nielsen, Thomas Bach"]
[Black "Nielsen, Poul Erik"]
[Result "1-0"]
[WhiteElo "2227"]
[BlackElo "2243"]
[PlyCount "73"]
[EventDate "2010.11.06"]
[EventType "team-tourn"]
[EventRounds "9"]
[WhiteTeam "BMS"]
[BlackTeam "Nordre"]
[WhiteTeamCountry "DEN"]
[BlackTeamCountry "DEN"]

1. d4 d6 2. c4 e5 3. d5 g6 4. Nc3 Bg7 5. e4 a5 6. Bd3 Na6 7. Be3 Nf6 8. h3 Nh5
9. Nge2 f5 10. exf5 gxf5 11. g4 f4 12. Bd2 Nc5 13. Qc2 Nf6 14. O-O-O O-O 15.
Ne4 Nfxe4 16. Bxe4 Nxe4 17. Qxe4 Bd7 18. Nc3 Be8 19. f3 Bf6 20. h4 Bxh4 21. Be1
Bg6 22. Bxh4 Bxe4 23. Bxd8 Bxf3 24. Bxc7 Rf6 25. g5 Rg6 26. Rh6 Bxd1 27. Rxg6+
hxg6 28. Kxd1 Rc8 29. Bxd6 Rxc4 30. Bxe5 f3 31. Ke1 b5 32. Kf2 b4 33. Na4 Re4
34. Bf6 Rh4 35. Nb6 b3 36. axb3 Rb4 37. d6 1-0

[Event "XtraCon-Skakligaen"]
[Site "Denmark"]
[Date "2010.12.05"]
[Round "3.5"]
[White "Christensen, Jan Schleicher"]
[Black "Brondt, Nicolai Kvist"]
[Result "1-0"]
[WhiteElo "2229"]
[BlackElo "2161"]
[PlyCount "67"]
[EventDate "2010.11.06"]
[EventType "team-tourn"]
[EventRounds "9"]
[WhiteTeam "Nordre"]
[BlackTeam "BMS"]
[WhiteTeamCountry "DEN"]
[BlackTeamCountry "DEN"]

1. d4 d5 2. c4 c6 3. Nf3 Nf6 4. Nc3 a6 5. cxd5 cxd5 6. Bg5 Ne4 7. Bf4 Nc6 8. e3
Bf5 9. Be2 e6 10. O-O Bd6 11. Ne5 Rc8 12. Rc1 O-O 13. Nxe4 Bxe5 14. Bxe5 Bxe4
15. Bg3 Qd7 16. Qd2 Na7 17. Rc5 Rfd8 18. Rd1 Nc6 19. Rdc1 f6 20. b4 e5 21. f3
Bg6 22. Rxd5 Qxd5 23. Bc4 Qxc4 24. Rxc4 exd4 25. exd4 Bf7 26. Rc1 Rd7 27. a4
Rcd8 28. Bf2 Nxd4 29. Bxd4 Rxd4 30. Qe1 Bb3 31. Qe3 Bxa4 32. Rc7 R4d7 33. Rxd7
Bxd7 34. Qe7 1-0

[Event "XtraCon-Skakligaen"]
[Site "Denmark"]
[Date "2010.12.05"]
[Round "3.6"]
[White "Akdag, Dara Sevkan"]
[Black "Hoiberg, Nina"]
[Result "1-0"]
[WhiteElo "2174"]
[BlackElo "2198"]
[PlyCount "109"]
[EventDate "2010.11.06"]
[EventType "team-tourn"]
[EventRounds "9"]
[WhiteTeam "BMS"]
[BlackTeam "Nordre"]
[WhiteTeamCountry "DEN"]
[BlackTeamCountry "DEN"]

1. d4 d6 2. c4 e5 3. Nf3 e4 4. Nfd2 f5 5. Nc3 Nf6 6. e3 Be7 7. Be2 c6 8. g4
Nxg4 9. Ndxe4 Nxe3 10. Bxe3 fxe4 11. Nxe4 Bf5 12. Ng3 Bg6 13. Bh5 Nd7 14. Qg4
Nf8 15. Nf5 Rg8 16. Nxe7 Qxe7 17. Bxg6+ Nxg6 18. O-O-O Qd7 19. Qg5 Ne7 20. Qa5
b6 21. Qa6 Qc8 22. Qa3 Qc7 23. c5 bxc5 24. dxc5 d5 25. Rd4 Rf8 26. Re1 Rf5 27.
Rg4 g6 28. Qa4 Re5 29. Rd1 Qd7 30. Rb4 Kf7 31. Qa6 Re8 32. Rb7 Qe6 33. Rxa7 Re4
34. Qd3 Kg8 35. Kb1 Nf5 36. Ra3 Nxe3 37. fxe3 Rxe3 38. Qxe3 Qxe3 39. Rxe3 Rxe3
40. Kc2 Re2+ 41. Rd2 Re4 42. b3 Kf7 43. a4 Ke6 44. Kc3 Re1 45. Ra2 Ke5 46. a5
d4+ 47. Kb4 Kd5 48. a6 Re8 49. Ka5 Kxc5 50. b4+ Kd6 51. a7 Kc7 52. Ka6 c5 53.
b5 Re6+ 54. b6+ Rxb6+ 55. Ka5 1-0

[Event "XtraCon-Skakligaen"]
[Site "Denmark"]
[Date "2010.12.05"]
[Round "3.7"]
[White "Holst, Per"]
[Black "Rostgaard, Tobias Valentin"]
[Result "1/2-1/2"]
[WhiteElo "2129"]
[BlackElo "2126"]
[PlyCount "45"]
[EventDate "2010.11.06"]
[EventType "team-tourn"]
[EventRounds "9"]
[WhiteTeam "Nordre"]
[BlackTeam "BMS"]
[WhiteTeamCountry "DEN"]
[BlackTeamCountry "DEN"]

1. d4 Nf6 2. c4 c5 3. d5 b5 4. cxb5 a6 5. b6 e6 6. Nc3 Nxd5 7. Nxd5 exd5 8.
Qxd5 Nc6 9. e4 Be7 10. Bc4 O-O 11. Nf3 Rb8 12. O-O Na5 13. Bd3 Rxb6 14. Qh5 Bb7
15. Bd2 Nc6 16. e5 g6 17. Qh6 f6 18. Bxg6 hxg6 19. Qxg6+ Kh8 20. Qh5+ Kg8 21.
Qg6+ Kh8 22. Qh5+ Kg8 23. Qg6+ 1/2-1/2

[Event "XtraCon-Skakligaen"]
[Site "Denmark"]
[Date "2010.12.05"]
[Round "3.8"]
[White "Pedersen, Sven"]
[Black "Pedersen, Karl"]
[Result "1-0"]
[WhiteElo "2116"]
[BlackElo "2254"]
[PlyCount "60"]
[EventDate "2010.11.06"]
[EventType "team-tourn"]
[EventRounds "9"]
[WhiteTeam "BMS"]
[BlackTeam "Nordre"]
[WhiteTeamCountry "DEN"]
[BlackTeamCountry "DEN"]

1. e4 g6 2. d4 Bg7 3. Nc3 c6 4. Be3 Nf6 5. e5 Nd5 6. Nxd5 cxd5 7. Qd2 Nc6 8.
Nf3 h6 9. c4 e6 10. cxd5 exd5 11. Rc1 Ne7 12. Bd3 g5 13. h3 d6 14. Bb5+ Kf8 15.
Qb4 dxe5 16. dxe5 Kg8 17. O-O Nf5 18. Bc5 h5 19. Nd4 g4 20. Nxf5 Bxf5 21. Be7
Qb6 22. Qf4 Qe6 23. Bf6 gxh3 24. Qg5 Bg6 25. Rc7 Rh7 26. Bd7 Bxf6 27. exf6 h2+
28. Kh1 Qd6 29. Rfc1 Rd8 30. Bf5 Kh8 1-0

[Event "XtraCon-Skakligaen"]
[Site "Denmark"]
[Date "2011.01.15"]
[Round "4.1"]
[White "Hector, Jonny"]
[Black "Veng, Johny"]
[Result "1-0"]
[WhiteElo "2576"]
[BlackElo "2297"]
[PlyCount "55"]
[EventDate "2010.11.06"]
[EventType "team-tourn"]
[EventRounds "9"]
[WhiteTeam "Nordkalotten"]
[BlackTeam "Nordre"]
[WhiteTeamCountry "DEN"]
[BlackTeamCountry "DEN"]

1. e4 c5 2. Nf3 d6 3. d4 cxd4 4. Nxd4 Nf6 5. Nc3 a6 6. Qe2 e5 7. Nf5 Bxf5 8.
exf5 Be7 9. Bg5 Nbd7 10. O-O-O Rc8 11. g4 h6 12. Bxf6 Nxf6 13. Bg2 Qa5 14. f4
Rxc3 15. bxc3 Qxc3 16. Rd3 Qa1+ 17. Kd2 Qxa2 18. Rc1 O-O 19. Kd1 e4 20. Rb3 Qa4
21. g5 Qd4+ 22. Ke1 hxg5 23. fxg5 Nd7 24. f6 gxf6 25. gxf6 Bxf6 26. Qg4+ Bg7
27. Rd1 Qa4 28. Rg3 1-0